Moderné technológie a vzdelaný spotrebiteľ

Príspevok na základe analýzy aktuálneho stavu ochrany spotrebiteľa na trhu EÚ a legislatívnych opatrení ochrany, navrhuje opatrenia pre zlepšenie informovanosti a rozšírenie vedomosti spotrebiteľov.

Na minha lista:
Detalhes bibliográficos
Autor principal: Dzurová, Mária
Formato: Capítulo de Livro
Idioma:eslovaco
Assuntos:
Tags: Adicionar Tag
Sem tags, seja o primeiro a adicionar uma tag!

MARC

LEADER 00000naa$a2200000$$$4500
001 0179149
005 20240502083422.1
041 0 |a slo 
044 |a CZ 
245 1 0 |a Moderné technológie a vzdelaný spotrebiteľ  |c Mária Dzurová 
520 |a Príspevok na základe analýzy aktuálneho stavu ochrany spotrebiteľa na trhu EÚ a legislatívnych opatrení ochrany, navrhuje opatrenia pre zlepšenie informovanosti a rozšírenie vedomosti spotrebiteľov. 
610 2 0 |a spotrebitelia 
610 2 0 |a ochrana spotrebiteľa 
610 2 0 |a legislatíva 
610 2 0 |a vzdelávanie 
610 2 0 |a technológie informačné 
610 2 0 |a Európska únia 
100 1 |a Dzurová, Mária